| 000 | 01013nam a2200289 i 4500 | ||
|---|---|---|---|
| 001 | 000024667 | ||
| 003 | DO-SdBNP | ||
| 005 | 20260212131438.0 | ||
| 007 | ta | ||
| 008 | 110202s2010 dr ac 000 0 spa d | ||
| 020 | _a9789945074215 | ||
| 040 |
_aDO-SdBNP _bspa _cBNPHU _erda |
||
| 041 | _aspa | ||
| 049 | _aBNPD | ||
| 082 | 4 |
_axxx _bxxx _222 |
|
| 111 | 2 |
_aEncuentro Nacional del Archivos de la República Dominicana _d(2008: _n2do: 17-19 de julio _cSanto Domingo ) _950582 |
|
| 245 | 1 | 0 | _aMemorias del segundo encuentro nacional de archivos de la República Dominicana |
| 260 | 4 |
_aSanto Domingo : _bArchivo General de la Nación, _c©2010. |
|
| 300 |
_a228 páginas : _bilustraciones ; _c27 cm. |
||
| 336 |
_atexto _btxt _2rdacontent |
||
| 337 |
_asin mediación _bn _2rdamedia |
||
| 338 |
_avolumen _bnc _2rdacarrier |
||
| 490 | 1 |
_aArchivo General de la Nación _v129 |
|
| 500 | _aIncluye referencias bibliográficas y notas al pie de las páginas | ||
| 590 | _aInventariado, 2026/BT | ||
| 942 |
_2ddc _cLBS1 |
||
| 999 |
_c24160 _d24160 |
||